Soviet perceptions of war and peace / (Record no. 184759)
[ view plain ]
| 000 -LEADER | |
|---|---|
| fixed length control field | 00927 a2200157 4500 |
| 003 - CONTROL NUMBER IDENTIFIER | |
| control field | NUST |
| 005 - DATE AND TIME OF LATEST TRANSACTION | |
| control field | 20221223130126.0 |
| 040 ## - CATALOGING SOURCE | |
| Transcribing agency | Nust |
| 082 ## - DEWEY DECIMAL CLASSIFICATION NUMBER | |
| Classification number | 355,SOV |
| 245 ## - TITLE STATEMENT | |
| Title | Soviet perceptions of war and peace / |
| Statement of responsibility, etc. | edited by Graham D. Vernon |
| 260 ## - PUBLICATION, DISTRIBUTION, ETC. | |
| Place of publication, distribution, etc. | Washington |
| Name of publisher, distributor, etc. | National Defense University Press |
| Date of publication, distribution, etc. | 1981 |
| 300 ## - PHYSICAL DESCRIPTION | |
| Extent | xvi, 185 p.; |
| 505 ## - FORMATTED CONTENTS NOTE | |
| Formatted contents note | The Institutional Foundation of Soviet Military Doctrine (Page-3), Soviet Perceptions of the Laws of War (Page-17), Origins of the Cold War The Soviet View (Page-27), The Soviet View of War (Page-51), Soviet Perceptions of The Threat and Soviet Military Capabilities (Page-67), Soviet Perceptions of US Military Strategies and Forces (Page-97), Controlled Conflict Soviet Perceptions of Peaceful Coexistence (Page-113),Soviet Views of Multipolarity and the Emerging Balance of Power (Page-143). |
| 650 ## - SUBJECT ADDED ENTRY--TOPICAL TERM | |
| Topical term or geographic name entry element | Soviet Union --Military policy. |
| 9 (RLIN) | 105764 |
| 942 ## - ADDED ENTRY ELEMENTS (KOHA) | |
| Source of classification or shelving scheme | |
| Koha item type | Book |
| Call number prefix | 355,SOV |
| Withdrawn status | Lost status | Source of classification or shelving scheme | Damaged status | Not for loan | Permanent Location | Current Location | Shelving location | Date acquired | Full call number | Barcode | Date last seen | Price effective from | Koha item type | Public note |
|---|---|---|---|---|---|---|---|---|---|---|---|---|---|---|
| Military College of Signals (MCS) | Military College of Signals (MCS) | General Stacks | 12/12/2016 | 355,SOV | MCS3302 | 12/08/2016 | 12/12/2016 | Book | Almirah No.51, Shelf No.2 |
